| 000 | 01686nam a2200517 i 4500 | ||
|---|---|---|---|
| 001 | 22474 | ||
| 003 | KOSZ 005 | ||
| 005 | 20210517121617.0 | ||
| 008 | 990506s1984 pl f f |001 0 pol | ||
| 015 | _aUWD 1984/2212 | ||
| 020 | _a8301050284 | ||
| 035 | _a991009770559705066 | ||
| 035 | _a(PL-WaBN)b12639138-48omnis_nlop | ||
| 035 | _ab12639138 | ||
| 035 | _a(OCoLC)750945521 | ||
| 035 | _a(PL)b0000001263913 | ||
| 035 | _a(EXLNZ-48OMNIS_NETWORK)9910468112805606 | ||
| 040 |
_aWA N _cWA N _dKOSZ 005/HR |
||
| 041 | 0 | _apol | |
| 080 | _a510.6 | ||
| 080 | _a510.3 | ||
| 080 | _a(075.8) | ||
| 100 | 1 |
_aSłupecki, Jerzy _d(1904-1987) _eAutor |
|
| 245 | 1 | 0 |
_aElementy logiki matematycznej i teorii mnogości / _cJerzy Słupecki, Ludwik Borkowski. |
| 250 | _aWyd. 4. | ||
| 260 |
_aWarszawa : _bPaństwowe Wydawnictwo Naukowe, _c1984. _fZGWN). |
||
| 300 |
_a306, [1] s. ; _c24 cm. |
||
| 336 |
_aTekst _btxt _2rdacontent |
||
| 337 |
_aBez urządzenia pośredniczącego _bn _2rdamedia |
||
| 338 |
_aWolumin _bnc _2rdacarrier |
||
| 380 | _aKsiążki | ||
| 380 | _aPublikacje dydaktyczne | ||
| 385 |
_mPoziom nauczania _aSzkoły wyższe |
||
| 388 | _a1901-2000 | ||
| 388 | _a1945-1989 | ||
| 504 | _aIndeks. | ||
| 650 | 7 |
_aLogika matematyczna _2DBN |
|
| 650 | 7 |
_aTeoria mnogości _2DBN |
|
| 655 | 7 |
_aPodręczniki akademickie _2DBN |
|
| 658 | _aMatematyka | ||
| 700 | 1 |
_aBorkowski, Ludwik _d(1914-1993) _eAutor |
|
| 710 | 2 |
_aPaństwowe Wydawnictwo Naukowe _4pbl |
|
| 856 |
_uhttp://koha.tu.koszalin.pl/cgi-bin/koha/opac-detail.pl?biblionumber=22474 _yKatalog online BPK |
||
| 942 |
_2UKD _cKS |
||
| 999 |
_c22474 _d22474 |
||